000 01221nam a22002297a 4500
999 _c63144
_d63144
003 Ge_BSU
005 20250611165919.0
008 250611s2022 ge ||||| |||| 00| 0 geo d
020 _a9789941409868
041 _ageo
080 _a395 +17.021.1+37.026.9 დ-76
100 _aდოროხოვი, ა.
_925384
245 _aროგორ მოვიქცეთ :
_b(საუბარი თავაზიანობასა და ქცევის წესებზე) /
_c ა. დოროხოვი; თარგმნა ნოდარ ბასილაძემ; რედაქტორი მერი ცინცაძე.
250 _aმეორე გამოცემა
264 _aბათუმი:
_c2022..
300 _a122 გვ. ;
_b21 სმ.
653 _aსაზოგადოებაში მოქცევის წესები
653 _aმოსწავლეთა ქცევის წესები. ეტიკეტი
700 _aბასილაძე, ნოდარ
_eმთარგმნელი
_925385
700 _aცინცაძე, მერი,
_eრედაქტორი
_91857
942 _2udc
_cᲬᲘᲒᲜᲘ